Journey through medicine / (Record no. 588608)

000 -LEADER
fixed length control field 01245cam a2200385 i 4500
001 - CONTROL NUMBER
control field 18885249
003 - CONTROL NUMBER IDENTIFIER
control field NUST
005 - DATE AND TIME OF LATEST TRANSACTION
control field 20220306114859.0
008 - FIXED-LENGTH DATA ELEMENTS--GENERAL INFORMATION
fixed length control field 151207s2015 pk 000 0aeng
010 ## - LIBRARY OF CONGRESS CONTROL NUMBER
LC control number 2015328201
020 ## - INTERNATIONAL STANDARD BOOK NUMBER
International Standard Book Number 9789694964973
025 ## - OVERSEAS ACQUISITION NUMBER
Overseas acquisition number P-U-2015328201; 16
037 ## - SOURCE OF ACQUISITION
Source of stock number/acquisition Library of Congress -- Islamabad Overseas Office
Terms of availability Rs 550.00
038 ## - RECORD CONTENT LICENSOR
Staff Name waseem
040 ## - CATALOGING SOURCE
Original cataloging agency DLC
Language of cataloging eng
Transcribing agency DLC
Description conventions rda
042 ## - AUTHENTICATION CODE
Authentication code lcode
-- pcc
043 ## - GEOGRAPHIC AREA CODE
Geographic area code a-pk---
050 00 - LIBRARY OF CONGRESS CALL NUMBER
Classification number UH347.N35
Item number A3 2015
082 ## - DEWEY DECIMAL CLASSIFICATION NUMBER
Classification number 355.345092
Author Mark NAJ
100 1# - MAIN ENTRY--PERSONAL NAME
Personal name Najeeb, M. Afzal,
Relator term author.
9 (RLIN) 90329
245 10 - TITLE STATEMENT
Title Journey through medicine /
Statement of responsibility, etc. Lt. Gen. (r) M. Afzal Najeeb.
264 #1 - PRODUCTION, PUBLICATION, DISTRIBUTION, MANUFACTURE, AND COPYRIGHT NOTICE
Place of production, publication, distribution, manufacture Islamabad :
Name of producer, publisher, distributor, manufacturer Dost Publications,
Date of production, publication, distribution, manufacture, or copyright notice 2015.
300 ## - PHYSICAL DESCRIPTION
Extent viii, 229 pages ;
Dimensions 22 cm
336 ## - CONTENT TYPE
Content type term text
Content type code txt
Source rdacontent
337 ## - MEDIA TYPE
Media type term unmediated
Media type code n
Source rdamedia
338 ## - CARRIER TYPE
Carrier type term volume
Carrier type code nc
Source rdacarrier
563 ## - BINDING INFORMATION
Binding note HBK.
600 10 - SUBJECT ADDED ENTRY--PERSONAL NAME
Personal name Najeeb, M. Afzal.
9 (RLIN) 90329
610 10 - SUBJECT ADDED ENTRY--CORPORATE NAME
Corporate name or jurisdiction name as entry element Pakistan
Subordinate unit Army
General subdivision Medical personnel
Form subdivision Biography.
9 (RLIN) 90330
610 10 - SUBJECT ADDED ENTRY--CORPORATE NAME
Corporate name or jurisdiction name as entry element Pakistan
Subordinate unit Army
General subdivision Officers
Form subdivision Biography.
9 (RLIN) 90331
650 #0 - SUBJECT ADDED ENTRY--TOPICAL TERM
Topical term or geographic name entry element Physicians
Geographic subdivision Pakistan
Form subdivision Biography.
9 (RLIN) 90332
906 ## - LOCAL DATA ELEMENT F, LDF (RLIN)
a 7
b cbc
c origode
d 3
e ncip
f 20
g y-gencatlg
942 ## - ADDED ENTRY ELEMENTS (KOHA)
Source of classification or shelving scheme
Koha item type Book
Holdings
Withdrawn status Lost status Source of classification or shelving scheme Damaged status Not for loan Permanent Location Current Location Date acquired Source of acquisition Total Checkouts Full call number Barcode Date last seen Price effective from Koha item type
          Central Library (CL) Central Library (CL) 03/06/2022 Donated by Student Affairs NUST   355.345092 NAJ CL-D-1477 03/06/2022 03/06/2022 Book
© 2023 Central Library, National University of Sciences and Technology. All Rights Reserved.